A sereníssima república: contos completos 1876-1883 (Registo nº 75406)

Detalhes MARC
000 -Etiqueta do registo
campo de controlo de comprimento fixo 00305 a2200109 4500
001 - Identificador do registo
Campo de controlo 75406
005 - Identificador da versão
Campo de controlo 20260126111342.0
100 ## - Dados Gerais de Proc.
Dados gerais de processamento 20260126 pory50
200 ## - Título
Título próprio A sereníssima república: contos completos 1876-1883
Primeira menção de responsabilidade Machado de Assis e Amândio Reis
210 ## - Publicação, Distribuição
Nome do editor, distribuidor, etc. E-primatur
Data da publicação, distribuição, etc. 2025
090 ## - Números de controlo do sistema (Koha)
Número biblioitem do Koha (gerado automaticamente) 75406
942 ## - Elementos de entrada adicionados (Koha)
Tipo de item no Koha Monografias

Não há exemplares disponíveis.